000 00441nam a2200145Ia 4500
008 090124s9999 xx 000 0 und d
082 _b46857
245 _a ललित जाने 07 ते जून 07
250 _a0
260 _c2007
630 _a ललित जाने 07 ते जून 07
700 _aकोठावळे अशोक
730 _a ललित जाने 07 ते जून 07
942 _cBOOK
999 _c113086
_d113086